French Animals in English - Statistics

General Stats
  • This quiz has been taken 55 times
  • The average score is 16 of 20
Answer Stats
French English % Correct
un serpent snake
100%
un chat cat
98%
un chien dog
96%
un dauphin dolphin
92%
une vache cow
88%
un lapin rabbit
88%
une tortue turtle
88%
un oiseau bird
86%
un cheval horse
86%
un papillon butterfly
82%
un mouton sheep
82%
un ours bear
76%
une souris mouse
76%
un loup wolf
74%
une baleine whale
72%
un renard fox
70%
un agneau lamb
70%
un singe monkey
70%
un coq rooster
64%
un requin shark
58%
No matching quizzes found
Score Distribution
Percent of People with Each Score
Percentile by Number Answered
Your Score History
You have not taken this quiz